Sports Quiz

Random Sports or NHL Quiz

NHL Hall of Fame Goaltenders Quiz Stats

Quiz Updated Nov 7, 2017

Also try: NHL Logos
Challenge
Share
Tweet
Embed
Score 0/30 Timer 08:00
0 Plays Today
Years Active Goaltender % Correct
1984 - 2003Patrick Roy
95.1%
1988 - 2011Dominik Hasek
86.9%
1987 - 2007Ed Belfour
75.4%
1979 - 2000Grant Fuhr
73.7%
1970 - 1979Ken Dryden
66.6%
1970 - 1989Billy Smith
63.5%
1967 - 1984Tony Esposito
63.2%
1952 - 1973Jacques Plante
61.6%
1947 - 1970Terry Sawchuk
54.6%
1965 - 1979Bernie Parent
45.8%
1951 - 1971Glenn Hall
45.7%
1961 - 1980Gerry Cheevers
41.6%
1910 - 1926Georges Vezina
38.9%
1965 - 1982Rogatien Vachon
36.4%
1949 - 1975Gump Worsley
35.5%
Years Active Goaltender % Correct
1945 - 1970Johnny Bower
31.4%
1959 - 1978Eddie Giacomin
28.1%
1935 - 1952Turk Broda
26%
1923 - 1937George Hainsworth
18.9%
1926 - 1940Tiny Thompson
18.4%
1943 - 1950Bill Durnan
15.9%
1934 - 1950Frank Brimsek
14.4%
1943 - 1961Harry Lumley
11.4%
1917 - 1931Clint Benedict
9.6%
1927 - 1934Chuck Gardiner
7.5%
1923 - 1937Roy Worters
7.2%
1924 - 1937Alec Connell
5.9%
1937 - 1956Chuck Rayner
5.8%
1917 - 1926Harry 'Hap' Holmes
4%
1903 - 1928Hugh Lehman
3.7%

You're not logged in!

Compare scores with friends on all Sporcle quizzes.
Sign Up with Email
OR
Log In

You Might Also Like...

Show Comments

Extras

Top Quizzes Today


Score Distribution

Your Account Isn't Verified!

In order to create a playlist on Sporcle, you need to verify the email address you used during registration. Go to your Sporcle Settings to finish the process.